00710nam a22001932 4500001001100000005001700011008004100028020001700069040001500086245006100101250001200162260008800174300001400262650004100276650003800317650003600355650005600391710006900447000002000320151217155904.0110524s xx 000 0 eng d a9966958185 : aKABUcKABU10aEthnicity, human rights and constitutionalism in Africa. a1st ed. aNairobi, Kenya :bKenyan section of the International commission of jurists,c2008. ax, 243 p. 0aEthnic conflictyAfrica.@0000160777 0aHuman rightszAfrica.@0000158462 0aMinoritieszAfrica.@0000180033 0aAfricaxPolitics and governmenty1960-.@00001800342 aInternational commission of jurists.bKenya section.@0000180032